000
00269nam a2200097Ia 4500
001
1250601
005
20251031150859.0
008
251031s9999 xx 000 0 und d
245
0
_c
HAKAN MENGÜÇ
_a
B-5 KALBİN TEMİZSE HİKAYEN MUTLU BİTER
260
_b
DESTEK YAYINLARI
999
_c
1250601
_d
1250601